Electrical degradation and breakdown in polymers

Αποθηκεύτηκε σε:
Λεπτομέρειες βιβλιογραφικής εγγραφής
Κύριος συγγραφέας: Dissado, L. A. (Len A.)
Άλλοι συγγραφείς: Fothergill, J. C. (John C.), Stevens, G. C. (Επιμελητής έκδοσης)
Μορφή: Βιβλίο
Γλώσσα:English
Δημοσίευση: London : Peter Peregrinus Ltd. on behalf of the Institution of Electrical Engineers, c1992
Σειρά:IEE materials & devices series ; ; 9
Θέματα:
Ετικέτες: Προσθήκη ετικέτας
Δεν υπάρχουν, Καταχωρήστε ετικέτα πρώτοι!

MARC

LEADER 00000nam a2200000 i 4500
001 1/73344
008 050311s1992 eng d
020 |a 0-86341-196-7 (hbk.) 
035 |l 10077070 
040 |a GR-MY-UA  |b gre  |e aacr 
041 0 |a eng 
082 0 |a 620.19204297  |2 (21) 
100 1 |a Dissado, L. A.  |q (Len A.) 
245 1 0 |a Electrical degradation and breakdown in polymers /  |c L.A. Dissado, J.C. Fothergill 
260 |a London :   |b Peter Peregrinus Ltd. on behalf of the Institution of Electrical Engineers,   |c c1992 
300 |a xix, 601 σ.;  |b εικ.;  |c 24 εκ. 
490 1 |a IEE materials & devices series  |v ; 9 
504 |a Περιλαμβάνει βιβλιογραφία και ευρετήριο 
650 0 0 |a Polymers  |x Deterioration. 
650 0 0 |a Breakdown (Electricity) 
700 1 |a Fothergill, J. C.  |d (John C.) 
700 1 |a Stevens, G. C.  |4 edt 
830 0 |a IEE materials & devices series ;  |v ; 9 
852 |a INST  |b CHIOS  |e 20050311  |h 620.19204297 DIS  |p 005200021795  |q 005200021795  |t BK  |y 0 
901 |a BIBL2-2005-1 
909 |a Χ  |b 113073 
920 |a ΔΙΕΥΡΥΝΣΗ  |b ΕΠΕΑΕΚ-ΤΜΟΔ  |y ΧΙΟΣ  |z 2004-12 
970 |a ΣΠΕΝΤΖΑ  |b ΕΛΕΝΗ  |z 2005/03/11